| 000 | 00639cab a22001935a 4500 | ||
|---|---|---|---|
| 001 | L152266 | ||
| 008 | 110215e20110212xxk 000 0 eng d | ||
| 035 | _a(Sirsi) u152266 | ||
| 041 | 0 | _aeng | |
| 100 | 1 | _aVigus, Emma | |
| 245 | 0 | 0 | _aAdopt a sensible policy |
| 260 | _c2011 | ||
| 490 |
_aEstates Gazette _v(1106) 12 February 2011, 96(1) |
||
| 520 | _aHighlights the importance of adequate professional indemnity insurance (PII) in mergers and acquisitions to avoid future liability and voided claims.. | ||
| 590 | _aKA | ||
| 651 | 4 |
_aUnited Kingdom _y |
|
| 690 | _aMANAGEMENT-BUSINESS MANAGEMENT-PROFESSIONAL PRACTICE | ||
| 942 | _n0 | ||
| 999 |
_c82924 _d82924 |
||